Statistics for Robin Williams Movies

Click here to take the quiz!

General Stats

  • This quiz has been taken 34,426 times
    (27,151 since last reset)
  • The average score is 8 of 13

Answer Stats

DescriptionMovie% Correct
Man pretends to be a British nanny to spend time with his estranged familyMrs. Doubtfire
96%
Board game comes to lifeJumanji
90%
Robin Williams stars as a comedic blue genieAladdin
89%
Exhibits come to life after dark at the Natural History Museum in New YorkNight at the Museum
84%
Military radio DJ makes life more interesting for American soldiers in VietnamGood Morning, Vietnam
80%
Middle-aged man learns that he is actually Peter PanHook
78%
Troubled Boston genius needs the help of a talented therapistGood Will Hunting
72%
Teacher helps prep school teens to truly appreciate literatureDead Poets Society
70%
Doctor uses humor to help his patientsPatch Adams
57%
Gay club owner must meet the ultraconservative parents of his son's fianceeThe Birdcage
46%
A new drug helps catatonic patients come to life (briefly)Awakenings
24%
Perpetual sunlight in Alaska complicates a murder investigationInsomnia
22%
Homeless man and ex-radio shock jock help each other with their problemsThe Fisher King
19%

Score Distribution

Percentile by Number Answered

Percent of People with Each Score

Your Score History

You have not taken this quiz since the last reset